Botany : (Record no. 2868)
[ view plain ]
| 000 -LEADER | |
|---|---|
| fixed length control field | 00677cam a22002292 4500 |
| 001 - CONTROL NUMBER | |
| control field | 0000004675 |
| 005 - DATE AND TIME OF LATEST TRANSACTION | |
| control field | 20151217145821.0 |
| 008 - FIXED-LENGTH DATA ELEMENTS--GENERAL INFORMATION | |
| fixed length control field | 070528s xx 000 0 eng d |
| 020 ## - INTERNATIONAL STANDARD BOOK NUMBER | |
| International Standard Book Number | 0763721344 : |
| Terms of availability | GBP 29.99 |
| 040 ## - CATALOGING SOURCE | |
| Original cataloging agency | KABU |
| Transcribing agency | KABU |
| 050 #0 - LIBRARY OF CONGRESS CALL NUMBER | |
| Classification number | QK47 |
| Item number | .M38 2003 |
| 100 1# - MAIN ENTRY--PERSONAL NAME | |
| Personal name | Mauseth, James D. |
| -- | 0000155361 |
| 245 10 - TITLE STATEMENT | |
| Title | Botany : |
| Remainder of title | an introduction to plant biology. |
| 250 ## - EDITION STATEMENT | |
| Edition statement | 3rd ed. |
| 260 ## - PUBLICATION, DISTRIBUTION, ETC. (IMPRINT) | |
| Place of publication, distribution, etc. | Boston : |
| Name of publisher, distributor, etc. | Jones and Bartlett, |
| Date of publication, distribution, etc. | 2003. |
| 300 ## - PHYSICAL DESCRIPTION | |
| Extent | xvii, 848 p. |
| 650 #0 - SUBJECT ADDED ENTRY--TOPICAL TERM | |
| Topical term or geographic name as entry element | Botany |
| Form subdivision | Textbooks. |
| -- | 0000155362 |
| 908 ## - PUT COMMAND PARAMETER (RLIN) | |
| Put command parameter | 070528 |
| 950 ## - LOCAL HOLDINGS (RLIN) | |
| -- | 1 |
| Withdrawn status | Lost status | Source of classification or shelving scheme | Not for loan | Home library | Current library | Date acquired | Inventory number | Total Checkouts | Full call number | Barcode | Date last seen | Date last checked out | Copy number | Price effective from | Koha item type |
|---|---|---|---|---|---|---|---|---|---|---|---|---|---|---|---|
| Library of Congress Classification | Kabarak, Main Campus | Kabarak, Main Campus | 17/12/2015 | 7302/06 | 3 | QK47 .M38 2003 C.1 | 007343 | 11/12/2025 | 26/11/2025 | C.1 | 17/12/2015 | General Collection | |||
| Library of Congress Classification | Kabarak, Main Campus | Kabarak, Main Campus | 17/12/2015 | 2008/00739 | 5 | QK47 .M38 2003 C.3 | 33877 | 05/12/2025 | 21/11/2025 | C.3 | 17/12/2015 | General Collection | |||
| Library of Congress Classification | Kabarak, Main Campus | Kabarak, Main Campus | 17/12/2015 | 8 | QK47 .M38 2003 C.2 | 008744 | 02/10/2024 | 25/09/2024 | C.2 | 17/12/2015 | General Collection |